Bones of the Hands & Feet Quiz SVG - Statistics

General Stats
  • This quiz has been taken 707 times
  • The average score is 59 of 110
Answers on the Map
Answers color-coded by a green-red scale on the quiz's map according to % correct below.
 
Answer Stats
Answer % Correct
metacarpals
66%
metatarsals
61%
trapezoid
61%
ulna
60%
distal phalanges
58%
radius
58%
trapezium
58%
proximal phalanges
57%
hamate
55%
lunate
55%
scaphoid
54%
capitate
49%
pisiform
49%
talus
47%
calcaneus
45%
cuboid
45%
middle phalanges
42%
navicular
42%
lateral cuneiform
36%
triquetrum
36%
medial cuneiform
33%
intermediate cuneiform
31%
No matching quizzes found
Score Distribution
Percent of People with Each Score
Percentile by Number Answered
Your Score History
You have not taken this quiz